Humour en politique - Statistiques

Statistiques générales
  • Ce quiz a été pris 204 fois
  • Le résultat moyen est 6 sur 25
Statistiques - réponses
Années Phrase Homme/Femme politique % Correct
2015 Pour désespérer de François Bayrou encore faudrait-il que j’aie un jour placé de l’espoir en lui Nicolas Sarkozy
91%
2017 Aujourd’hui, je suis à deux doigts d’être aimé ! François Hollande
85%
2005 Je ne suis candidat à rien Nicolas Sarkozy
84%
2006 Même quand je ne dis rien, cela fait du bruit Ségolène Royal
45%
2014 En politique, on n'est jamais fini. Regardez-moi ! Alain Juppé
38%
2018-2019 Non, seulement les emmerdes ( en réponse à l’interpellation d’un journaliste « On dit que tout remonte à Matignon » ) Edouard Philippe
35%
2021 On ne va pas s’interdire les plans à trois Marlène Schiappa
31%
2011 Mitterrand est aujourd'hui adulé, mais il a été l'homme le plus détesté de France. Ce qui laisse pas mal d'espoir pour beaucoup d'entre nous… Laurent Fabius
21%
2016 Mon intelligence est un obstacle Bruno Le Maire
17%
2010 Je connais bien Dominique Strauss Kahn : je l’ai mis en examen Eva Joly
15%
1988 Quand le moment est venu, l'heure est arrivée Raymond Barre
14%
1994 Les assises, c'est un peu dur pour le PS, la correctionnelle aurait suffi ( à propos des « assises de la transformation sociale », organisées par le Parti socialiste ) Jean-Pierre Chevènement
12%
1990 En 1974, les Français voulaient un jeune : ils ont eu Giscard. En 1995, ils voudront un vieux : ils auront Giscard Philippe Séguin
9%
1995 Avec Delors, les socialistes passent de Léon Blum à Léon XIII Philippe Séguin
9%
1989 Saint Louis rendait la justice sous un chêne. Pierre Arpaillange la rend comme un gland André Santini
8%
1996 Alain Juppé voulait un gouvernement ramassé, il n'est pas loin de l'avoir André Santini
8%
2004 Je n’imagine pas un instant cette île séparée du continent Jean-Louis Debré
8%
2009 Le vrai changement au PS, ce serait de gagner Bertrand Delanoë
5%
2008 Sarkozy, c’est le seul qui a été obligé de passer par l’Élysée pour devenir Premier ministre Jean-Louis Borloo
5%
1992 [Je suis un] "Breton d'après la marée noire" Kofi Yamgnane
4%
2012 Être ancien Ministre, c'est s'asseoir à l'arrière d'une voiture et s'apercevoir qu'elle ne démarre pas François Goulard
2%
2013 Hollande est pour le mariage pour tous…. Sauf pour lui ! Gérard Longuet
2%
1993 Les socialistes aiment tellement les pauvres qu'ils en fabriquent Jacques Godfrain
2%
2007 Je suis pour un gouvernement d'ouverture, y compris aux Sarkozistes, c'est tout dire Patrick Devedjian
2%
2003 Villepin fait tout, je fais le reste Renaud Muselier
2%
Aucun quiz correspondant
Distribution des résultats
% des personnes avec chaque résultat
Percentile par nombre de réponses
Votre historique - résultats
Vous n’avez pas pris ce quiz